000 00273nam a2200109Ia 4500
005 20251222153643.0
008 251222s9999||||xx |||||||||||||| ||spa||
082 _a869.335/N44S
100 _a"Neruda, Pablo"
245 0 _aSumario: Libro de donde nace la lluvia
942 _cLIB
999 _c32816
_d32816